000 00235nam a2200097Ia 4500
082 _aJ 956.7 MASO
245 0 _aIraq
100 _a MASON, Paul New York, 2009
_961457
942 _cBK
008 210817s9999 xx 000 0 und d
999 _c193526
_d193525